Представление документа в формате MARC21

Поле Инд. ПП Название Значение
Тип записи a
Библиографический уровень m
001 Контрольный номер RU/IS/BASE/264545806
005 Дата корректировки 20240425121432.8
008 Кодируемые данные 19971020
040 00 e Правила каталог. Т 971020
084 a Индекс другой классификации/Индекс ББК 84(4Гем)6; 84(4Гем)6-44
090 00 a Полочн. индекс 84(4Гем)6
x Авторский знак М 235
097 00 a 210
100 10 a Автор Манн Т.
d Даты 1875-1955
q Полное имя Манн Томас
245 00 a Заглавие Собрание сочинений
b Продолж. заглавия в 10 т.
n Номер части/ раздела Т. 4
p Название части/ раздела Волшебная гора. Окончание
c Ответственность перевод с немецкого В. Куреллы, В. Станевич; под редакцией Н. Н. Вильмонт, Б. Л. Сучкова; примечания Р. Милле-Будницкой
260 00 a Место издания Москва
b Издательство Художественная литература
c Дата издания 1959
300 00 a Объем 544 с.
336 a Термин вида содержания Текст
337 a Термин типа средства непосредственный
504 00 a Библиография Примеч.: с. 531-542
505 0_ a Форматированное содержание Волшебная гора
505 0_ a Форматированное содержание Окончание
650 04 a Основная рубрика художественная литература
653 00 a Ключевые слова XX век
a Ключевые слова Германия
a Ключевые слова немецкая литература
655 00 a Жанр/ форма (устаревшее) проза
a Жанр/ форма (устаревшее) роман
700 10 a Автор Вильмонт Н. Н.
e Роль лиц редактор
700 10 a Автор Сучков Б. Л.
e Роль лиц редактор
700 10 a Автор Курелла В.
e Роль лиц переводчик
700 10 a Автор Станевич В.
e Роль лиц переводчик
700 10 a Автор Милле-Будницкая Р.
e Роль лиц автор примечаний
901 t Тип документа m
952 a Тип литературы для КСУ ВШ ЛХИ